[Event "London Classic U1600 op 10th"]
[Site "London"]
[Date "2018.12.15"]
[Round "2"]
[White "Azis, Ihsaan A"]
[Black "Topcu, Okan"]
[Result "1-0"]
[WhiteElo "1262"]
[BlackElo "940"]
[PlyCount "29"]
[EventDate "2018.12.14"]
[EventType "swiss"]
[EventRounds "5"]
[EventCountry "ENG"]
[SourceTitle "CBM 187 Extra"]
[Source "ChessBase"]
[SourceDate "2018.11.04"]
[SourceVersion "1"]
[SourceVersionDate "2018.11.04"]
[SourceQuality "1"]

1. d4 Nc6 2. e3 g5 3. c3 Bg7 4. Bd3 e6 5. Ne2 e5 6. 0-0 Qf6 7. f4 gxf4 8. exf4 exd4 9. Ng3 dxc3 10. Nxc3 Nb4 11. Nh5 Qd6 12. Nxg7+ Kf8 13. Nf5 Qf6 14. a3 Nxd3 15. Qxd3 1-0